000 00494nam a2200193Ia 4500
005 20230801111435.0
008 131103s9999 xx 000 0 und d
020 _a6274811
_cGBP:2.25
040 _aLoreto College
041 _aEnglish
082 _aF
_bFYN
100 _aFynn
245 _aAnna and the black knight
_cFynn
260 _aLondon
_bFount an imprint of Harper Collins Publishers
_c1990
300 _a176 p.
650 _aFiction in English
850 _aLCLIB
942 _cBK
999 _c14298
_d64777